Statystyki dla Wyspy Odkrywanie wysp

Kliknij tutaj aby rozwiązać quiz!

Ogólne statystyki

  • Ten quiz został rozwiązany 56 razy
  • Średni wynik to 16 z 34

Odpowiedzi na mapie

Odpowiedzi skodowane kolorowo w zielono-czerwonej skali na mapie do tego quizu, zgodnie z poniższymi procentami.
 

Statystyki odpowiedzi

odpowiedź% Poprawnych
Cypr
95%
Irlandia
93%
Islandia
93%
Wielka Brytania
93%
Grenlandia
91%
Kuba
91%
Cejlon
89%
Madagaskar
86%
Jamajka
73%
Tajwan
70%
Sycylia
66%
Haiti
64%
Korsyka
55%
Sardynia
55%
Malta
52%
Borneo
45%
Hokkaido
41%
Honsiu
41%
Kreta
41%
Nowa Gwinea
39%
Jawa
34%
Sumatra
34%
Luzon
25%
Trynidad
25%
Sachalin
23%
Majorka
20%
Sulawesi
20%
Rodos
16%
Kiusiu
14%
Ziemia Baffina
14%
Martynika
11%
Aruba
5%
Anglesey
0%
Majotta
0%

Rozkład punktacji

Percentyl według liczby udzielonych odpowiedzi

Procent ludzi z każdym wynikiem

Twoja historia wyników

Nie rozwiązałeś tego quizu